Estrategias de enseñanza y aprendizaje: formación del profesorado y aplicación en la escuela

Saved in:
Bibliografiske detaljer
Main Authors: Monereo Font, Carles (autor), Castelló Badia, Montserrat (Author), Muntada, Mercé Clariana (Author), Palma Muñoz, Montserrat (Author), Pérez Cabaní, María Lluisa (Author)
Format: Bog
Sprog:spansk
Udgivet: Barcelona Graó 2006
Udgivelse:11a. ed
Fag:
Tags: Tilføj Tag
Ingen Tags, Vær først til at tagge denne postø!

MARC

LEADER 00000nam a2200000 a 4500
001 UCH3331
003 CL-VaPUC
008 090723e20060600SP |||||||||||||||||spa|d
020 |a 8478271589 
082 0 4 |a 371.27  |b MON  |2 21 
100 |a Monereo Font, Carles  |e autor  |9 553934 
700 0 |a Castelló Badia, Montserrat  |e author  |9 538621 
700 0 |a Muntada, Mercé Clariana  |e author  |9 538622 
700 0 |a Palma Muñoz, Montserrat  |e author  |9 538623 
700 0 |a Pérez Cabaní, María Lluisa  |e author  |9 538624 
245 1 0 |a Estrategias de enseñanza y aprendizaje: formación del profesorado y aplicación en la escuela 
250 |a 11a. ed 
300 |a 191 p 
942 |c BK 
945 |d 20090723 00:00:00  |a dcastane 
260 |a Barcelona  |b Graó  |c 2006 
650 0 |a Currículo  |9 307290 
650 0 |a Docentes  |9 311365 
650 0 |a Métodos de enseñanza  |9 270413 
583 |a last modification  |c 20150624 10:13:42  |k Rodrigo Vera 
999 |c 334924  |d 334922 
952 |0 0  |1 0  |4 0  |6 371_270000000000000_MON_2006  |7 0  |8 A  |9 424325  |a FDOPOS  |b FDOPOS  |d 2019-11-22  |i 4575148  |o 371.27 MON 2006  |p 4575148  |r 2019-11-22  |w 2019-11-22  |y BK  |k MED